000 00893nam0a2200289 4500
001 RU\NLR\bibl\467788
005 20250623185544.0
010 _a5-93443-918-9
_915000
021 _aRU
_b2003-56698
_92767
035 _a(NLR Aleph) 000461122
090 _a934566
_c934566
100 _a20031202d2003 |||y0rusy50 ca
101 0 _arus
102 _aRU
105 _aa |||||||||
200 1 _aМаскарад
_eКнижка с наклейками
_f[Худож. Е. Эльманович]
210 _a[М.]
_cКварта-Эстейт
_d2003
215 _a[8] с.
_cцв. ил.
_d25
686 _aШ9(2)60=Р7-8
702 1 _aЭльманович
_bЕ.
_4040
801 0 _aRU
_bNLR
_c20031202
_gPSBO
801 1 _aRU
_bNLR
_c20031202
942 _cBOOK
980 _aNB